书目信息 |
| 题名: |
硬笔书法教程
|
|
| 作者: | 刘胜华 主编 | |
| 分册: | ||
| 出版信息: | 长沙 中南大学出版社 2018.10 |
|
| 页数: | 106页 | |
| 开本: | 26cm | |
| 丛书名: | ||
| 单 册: | ||
| 中图分类: | G634.955.1 | |
| 科图分类: | ||
| 主题词: | 汉字--硬笔书法--中等专业学校--教材 | |
| 电子资源: | ||
| ISBN: | 978-7-5487-3490-1 | |
| 000 | 00895nam0 2200229 450 | |
| 001 | 0103152649 | |
| 005 | 20201103152731.0 | |
| 010 | @a978-7-5487-3490-1@dCNY22.80 | |
| 100 | @a20181031e20202018em y0chiy0110 ea | |
| 101 | 0 | @achi |
| 102 | @aCN@b430000 | |
| 105 | @ay z 000yy | |
| 106 | @ar | |
| 200 | 1 | @a硬笔书法教程@Aying bi shu fa jiao cheng@f刘胜华主编 |
| 210 | @a长沙@c中南大学出版社@d2018.10@h2020.08 | |
| 215 | @a106页@d26cm | |
| 330 | @a本书分为上下两篇,上篇为硬笔书法理论知识,内容包括书法概述、硬笔楷书和硬笔行书;下篇为硬笔书法实践练习,内容包括学艺、求知、树德、理想和创新方面中外名人的词句作为字帖练习。本书可作为中等职业学校硬笔书法课程的教材,也可作为硬笔书法爱好者的学习参考。 | |
| 606 | 0 | @a汉字@x硬笔书法@x中等专业学校@j教材 |
| 690 | @aG634.955.1@v5 | |
| 701 | 0 | @a刘胜华@Aliu sheng hua@4主编 |
| 801 | 0 | @aCN@bBJSZM@c20201103 |
| 905 | @b1256326-30@dG634.955.1@e1751@f5 | |
| 硬笔书法教程/刘胜华主编.-长沙:中南大学出版社,2018.10(2020.08) |
| 106页;26cm |
| ISBN 978-7-5487-3490-1:CNY22.80 |
| 本书分为上下两篇,上篇为硬笔书法理论知识,内容包括书法概述、硬笔楷书和硬笔行书;下篇为硬笔书法实践练习,内容包括学艺、求知、树德、理想和创新方面中外名人的词句作为字帖练习。本书可作为中等职业学校硬笔书法课程的教材,也可作为硬笔书法爱好者的学习参考。 |
| ● |
| 相关链接 |
|
|
|
|
正题名:硬笔书法教程
索取号:G634.955.1/1751
 
预约/预借
| 序号 | 登录号 | 条形码 | 馆藏地/架位号 | 状态 | 备注 |
| 1 | 1256326 | 212563260 | 第一样本阅览室/ [索取号:G634.955.1/1751] | 在馆 | |
| 2 | 1256327 | 212563279 | 教育系资料室/ [索取号:G634.955.1/1751] | 在馆 | |
| 3 | 1256328 | 212563288 | 教育系资料室/ [索取号:G634.955.1/1751] | 在馆 | |
| 4 | 1256329 | 212563297 | 第四借阅区/ [索取号:G634.955.1/1751] | 在馆 | |
| 5 | 1256330 | 212563304 | 第四借阅区/ [索取号:G634.955.1/1751] | 在馆 |